000 01333 a2200277 4500
999 _c7166
_d7166
020 _a0691121710 (alk. paper)
020 _a9780691121710 (alk. paper)
050 0 0 _aHB 523 BER 2006
100 1 _aBertola, Giuseppe.
_eauthor
245 1 0 _aIncome distribution in macroeconomic models /
_c
264 _aLondon:
_bPrinceto University Press
_c2006
300 _axviii, 421 p. :
_bill. ;
500 _aIncludes bibliographical references (p. [399]-417) and index.
504 _aIncludes bibliographical references (p. [399]-417) and index.
650 0 _aIncome distribution
_xEconometric models.
650 0 _aEconomic development
_xEconometric models.
650 0 _aWealth
_xEconometric models.
650 0 _aEquality
_xEconometric models.
700 1 _aFoellmi, Reto.
700 1 _a
856 4 2 _3Contributor biographical information
_uhttp://www.loc.gov/catdir/enhancements/fy0654/2005048825-b.html
856 4 2 _3Publisher description
_uhttp://www.loc.gov/catdir/enhancements/fy0654/2005048825-d.html
856 4 1 _3Table of contents only
_uhttp://www.loc.gov/catdir/enhancements/fy0654/2005048825-t.html
942 _2lcc
_cBK
_h523
_iBER
_kHB